| 000 | 01343nam0a22002651 4500 | ||
|---|---|---|---|
| 001 | rc\3053945 | ||
| 005 | 20250806202416.0 | ||
| 035 | _a(NLR Aleph) 007193234 | ||
| 090 |
_a46950 _c46950 |
||
| 100 | _a20111011d1942 u y0rusy50 ca | ||
| 101 | 0 | _arus | |
| 102 | _aRU | ||
| 105 | _aa z ||||| | ||
| 200 | 1 |
_aНаставление по стрелковому делу (НСД-42) _eПротивотанковое самозарядное ружье обр. 1941 г. системы Симонова - ПТРС _eПротивотанковое однозарядное ружье обр. 1941 г. системы Дягтерева - ПТРД _fНКО СССР. Упр. инспектирования и подготовки стрелковых частей и соединений. Главупрформа Красной Армии |
|
| 210 |
_aКуйбышев _cВоениздат НКО СССР, Куйбышев. отд. _d1942 |
||
| 215 |
_a53, [3] с. _cил., табл., черт. _d22 см |
||
| 740 | 1 |
_aСССР _bВоенные уставы и наставления _3RU\NLR\AUTH\8810020873 |
|
| 801 | 0 |
_aRU _bNLR _gpsbo |
|
| 801 | 1 |
_aRU _bELAR _2rusmarc |
|
| 852 |
_aNLR _jВ60 Г-6/125 |
||
| 942 | _cBOOK | ||
| 945 | _aРоссийская национальная библиотека | ||
| 980 | _aNB | ||
| 980 | _aBV | ||